书目信息 |
| 题名: |
Windows Vista入门与提高
|
|
| 作者: | 甘登岱 , 于治恒 主编 | |
| 分册: | ||
| 出版信息: | 北京 航空工业出版社 2007.10 |
|
| 页数: | 12, 387页 | |
| 开本: | 26cm | |
| 丛书名: | 快乐驿站 | |
| 单 册: | ||
| 中图分类: | TP316.7 | |
| 科图分类: | ||
| 主题词: | 窗口软件--chuang kou ruan jian--Windows Vista | |
| 电子资源: | ||
| ISBN: | 978-7-80183-993-0 | |
| 000 | 00972nam 2200265 450 | |
| 001 | 012008338527 | |
| 005 | 20080610155654.64 | |
| 010 | @a978-7-80183-993-0@dCNY32.00 | |
| 100 | @a20080610d2007 em y0chiy0120 ea | |
| 101 | 0 | @achi |
| 102 | @aCN@b110000 | |
| 105 | @aa z 000yy | |
| 106 | @ar | |
| 200 | 1 | @aWindows Vista入门与提高@AWindows Vista ru men yu ti gao@f甘登岱, 于治恒主编@Fgan deng dai,yu zhi heng zhu bian |
| 210 | @a北京@c航空工业出版社@d2007.10 | |
| 215 | @a12, 387页@c图@d26cm | |
| 225 | 2 | @a快乐驿站@Akuai le yi zhan |
| 330 | @a全书以Windows Vista 的功能和电脑的实际应用为导向,用生动的实例,形象的图解, 通俗易懂的语言循序渐进地介绍了操作Windows Vista,操作电脑的方法。 | |
| 410 | 0 | @12001 @a快乐驿站 |
| 606 | 0 | @a窗口软件@Achuang kou ruan jian@xWindows Vista |
| 690 | @aTP316.7@v4 | |
| 701 | 0 | @a甘登岱@Agan deng dai@4主编 |
| 701 | 0 | @a于治恒@Ayu zhi heng@4主编 |
| 801 | 0 | @aCN@bQSSK@c20080610 |
| 905 | @b725629-30@dTP316.7@eG020@f2 | |
| Windows Vista入门与提高/甘登岱, 于治恒主编.-北京:航空工业出版社,2007.10 |
| 12, 387页:图;26cm.-(快乐驿站) |
| ISBN 978-7-80183-993-0:CNY32.00 |
| 全书以Windows Vista 的功能和电脑的实际应用为导向,用生动的实例,形象的图解, 通俗易懂的语言循序渐进地介绍了操作Windows Vista,操作电脑的方法。 |
| ● |
| 相关链接 |
|
|
|
正题名:Windows Vista入门与提高
索取号:TP316.7/G020
 
预约/预借
| 序号 | 登录号 | 条形码 | 馆藏地/架位号 | 状态 | 备注 |
| 1 | 725629 | 207256299 | 自科库301/301自科库 57排7列5层/ [索取号:TP316.7/G020] | 在馆 | |
| 2 | 725630 | 207256306 | 自科库301/301自科库 57排7列5层/ [索取号:TP316.7/G020] | 在馆 |